| 000 | 00556nam a2200229 a 4500 | ||
|---|---|---|---|
| 003 | AR-BaBNM | ||
| 005 | 20251128205212.0 | ||
| 008 | 082120s2002 ||||||||||||||000 | spa|| | ||
| 020 | _a950-21-0312-2 | ||
| 040 | _cAR-BaBNM | ||
| 100 | 1 | _aCasullo, Fernando Hugo | |
| 245 | 0 | 0 | _aDiccionario de voces lunfardas y vulgares |
| 250 | _a5ยช ed. | ||
| 260 |
_aBuenos Aires _bPlus Ultra _c1992 |
||
| 300 | _a219 p. | ||
| 650 | 4 | _aDICCIONARIOS | |
| 653 | _aLUNFARDO | ||
| 653 | _aARGENTINISMOS | ||
| 655 | _aREFERENCIA | ||
| 942 | _cBK | ||
| 998 | _cLAURA | ||
| 999 |
_c10431 _d10431 |
||